000 01600nam a2200361 i 4500
003 DO-SdBNP
005 20250808105340.0
007 ta
008 250808s2001 dr 001 0 spa d
020 _a9993444022
040 _aDO-SdBNP
_bspa
_cBNPHU
_erda
041 _aspa
082 4 _a343.7293046
_bR426Ley, 2001
_222
110 1 _aRepública Dominicana.
_911088
240 _a[Leyes, etc.]
245 1 0 _aLey no. 241 de tránsito de vehículos :
_b(con legislación complementaria y jurisprudencia del 3 de enero de 1968 G. O. 9068) /
246 1 4 _aLey no. 241 régimen jurídico de tránsito de vehículos :
_b(con legislación complementaria y jurisprudencia) /
250 _aPrimera edición de bolsillo
264 1 _aMoca, República Dominicana :
_bEditora Dalis,
_c2001.
300 _a266 páginas ;
_c16 cm.
336 _atexto
_btxt
_2rdacontent
337 _asin mediación
_bn
_2rdamedia
338 _avolumen
_bnc
_2rdacarrier
500 _aActualizada y Modi. por la ley No. 114-99 en los arts. 49; 51; 109 (sanciona los art. 105, 106, 107 y 108); 153 y 161. y anexo del artículo 2 de la ley No. 80-99.
500 _aIncluye índice alfabético.
500 _aLey 143-01 (celulares) )promulgada el 21 de agosto del 2001) que prohíbe uso celulares o móvil conduciendo.
500 _aNormas generales de la DGII No. 07-01 y No. 07-01.
590 _aInventariado, 2025/ YL
650 4 _aReglamentos de tránsito
_zRepública Dominicana
_977295
650 4 _aTransporte automotriz
_xLegislación
_zRepública Dominicana
_975014
910 _aYLockward
942 _2ddc
_cLBS1
999 _c59738
_d59738